000 00496nam a2200181Ia 4500
005 20250326124826.0
008 250326s9999 xx 000 0 und d
037 _aTextbook
040 _aFMSL
_beng
_cFMSL
041 _aeng
_2eng
084 _aX:8D K84
_qFMSL
100 _aBower J B
_9738053
245 0 _aFicial informatiopn systems
_cBower J B; Welke W R
260 _aNY
_bNY, Houghton Mifflin
_c1968
300 _a408p
942 _cTB
_hX:8D K84
999 _c1275390
_d1275390